000 00708nam a2200265Ia 4500
003 OSt
005 20220918164316.0
006 a|||||r|||| 00| 0
007 ta
008 220917b |||||||| |||| 00| 0 eng d
020 _a0521418372
024 _a35,380
037 _cTextual
040 _aARTS
_cARTS
_beng
041 _2eng
_aeng
082 _aO111,3M04:g, N3
100 _aBell Millicent ed
_918226
245 0 _aNew essays on Hawthorne's major tales
260 _aCambridge
_bCUP USA
_c1993
300 _a155p.
_ccm.
490 _aAmerican Novel
650 _aENGLISH LITERATURE
942 _hO111,3M04:g, N3
_cTEXL
_2CC
999 _c124161
_d124161